Pays voisins connectés sur la carte du monde - Statistiques

Statistiques générales
  • Ce quiz a été pris 792 fois
  • Le résultat moyen est 69 sur 152
Réponses sur la Carte
Les réponses sont colorées sur une échelle allant du rouge au vert en fonction du pourcentage des utilisateurs qui les ont devinées à leur premier essai. Vous pouvez retrouver ces pourcentages ci-dessous.
 
Statistiques - réponses
Country % Correct
Russie
100%
Chine
97%
Inde
93%
Pakistan
89%
Iran
85%
Turquie
84%
Arabie saoudite
81%
Irak
81%
Yémen
79%
Emirats arabes unis
78%
Oman
78%
Jordanie
68%
Syrie
67%
Egypte
66%
Israël
66%
Soudan
66%
Algérie
65%
Libye
65%
Niger
64%
Tchad
63%
Nigéria
62%
Cameroun
60%
R. D. du Congo
60%
République centrafricaine
60%
Afrique du Sud
59%
Angola
59%
Namibie
59%
Mozambique
58%
Tanzanie
58%
Botswana
57%
Zambie
57%
Zimbabwe
56%
Kenya
55%
Malawi
55%
Somalie
55%
Ethiopie
54%
Erythrée
53%
Djibouti
52%
Soudan du Sud
52%
Ouganda
51%
Rwanda
51%
Burundi
50%
Eswatini
49%
Lesotho
49%
Maroc
49%
Bénin
48%
Burkina Faso
48%
Gabon
48%
Guinée équatoriale
48%
Mali
48%
Mauritanie
48%
République du Congo
48%
Brésil
46%
Espagne
46%
France
46%
Argentine
45%
Bolivie
45%
Canada
45%
Colombie
45%
Costa Rica
45%
Equateur
45%
Etats-Unis
45%
Guatemala
45%
Guyana
45%
Honduras
45%
Mexique
45%
Panama
45%
Perou
45%
Suriname
45%
Vénézuela
45%
Allemagne
44%
Bélize
44%
Chili
44%
Nicaragua
44%
Paraguay
44%
Pologne
44%
Roumanie
44%
Ukraine
44%
Uruguay
44%
Albanie
43%
Autriche
43%
Bulgarie
43%
Grèce
43%
Hongrie
43%
Italie
43%
Macédoine du Nord
43%
Salvador
43%
Serbie
43%
Suisse
43%
Croatie
41%
Slovénie
41%
Bosnie-Herzégovine
40%
Kosovo
40%
Liechtenstein
40%
Monténégro
40%
Saint-Marin
39%
Vatican
39%
Biélorussie
38%
Estonie
38%
Lettonie
38%
Lituanie
38%
Moldavie
38%
République tchèque
38%
Slovaquie
38%
Belgique
37%
Danemark
37%
Luxembourg
37%
Pays-Bas
37%
Andorre
35%
Guinée
33%
Monaco
33%
Portugal
33%
Sénégal
33%
Côte d'Ivoire
32%
Ghana
32%
Guinée-Bissau
32%
Libéria
32%
Sierra Léone
32%
Togo
32%
Tunisie
31%
Gambie
30%
Afghanistan
29%
Arménie
29%
Azerbaïdjan
29%
Géorgie
29%
Kazakhstan
29%
Kirghizistan
29%
Koweït
29%
Liban
29%
Ouzbékistan
29%
Qatar
29%
Tadjikistan
29%
Turkménistan
29%
Birmanie
28%
Indonésie
28%
Malaisie
28%
Papouasie-Nouvelle-Guinée
28%
Thaïlande
28%
Timor oriental
27%
Bruneï
26%
Cambodge
26%
Corée du Nord
26%
Corée du Sud
26%
Finlande
26%
Laos
26%
Mongolie
26%
Norvège
26%
Suède
26%
Vietnam
26%
Bangladesh
25%
Bhoutan
25%
Népal
25%
Aucun quiz correspondant
Distribution des résultats
% des personnes avec chaque résultat
Percentile par nombre de réponses
Votre historique - résultats
Vous n’avez pas pris ce quiz